000 00369nam a2200133 i 4500
001 bg
100 1 _aWOJNICKI, Zbigniew Jan
245 0 _aPrzewodnik do ćwiczeń z mechaniki gruntów :
_bmateriały pomocnicze /
_cZbigniew Jan Wojnicki.
260 _aZielona Góra,
_c1983.
040 _cBPK
041 _apol
942 _cKS
008 s pl f |000 0 pol
999 _c2582
_d2582
856 _uhttp://koha.tu.koszalin.pl/cgi-bin/koha/opac-detail.pl?biblionumber=2582
_yKatalog online BPK